A new class / (Record no. 2355)

MARC details
000 -LEADER
fixed length control field 02853cam a2200709 i 4500
005 - DATE AND TIME OF LATEST TRANSACTION
control field 20240712133808.0
020 ## - INTERNATIONAL STANDARD BOOK NUMBER
International Standard Book Number 9781338116649 (paperback)
020 ## - INTERNATIONAL STANDARD BOOK NUMBER
International Standard Book Number 1338116649 (paperback)
020 ## - INTERNATIONAL STANDARD BOOK NUMBER
International Standard Book Number 9780545875738
020 ## - INTERNATIONAL STANDARD BOOK NUMBER
International Standard Book Number 0545875730
020 ## - INTERNATIONAL STANDARD BOOK NUMBER
International Standard Book Number 9781743810262
020 ## - INTERNATIONAL STANDARD BOOK NUMBER
International Standard Book Number 1743810261
020 ## - INTERNATIONAL STANDARD BOOK NUMBER
International Standard Book Number 97813338116649
040 ## - CATALOGING SOURCE
Original cataloging agency YDXCP
Language of cataloging eng
Transcribing agency YDXCP
Description conventions rda
Modifying agency BTCTA
-- OCLCQ
-- DWP
-- OCLCO
-- OJ4
-- ZHB
-- OCO
-- OCLCO
-- VP@
-- OQX
-- ORX
-- OCLCO
-- OCLCF
-- ATPTT
-- BDX
-- OCLCO
-- UAB
-- FDA
-- BPLCP
-- IHX
-- OCLCO
-- YT3
-- OCLCO
-- UUC
-- AU@
-- MQP
-- OCL
-- IGA
-- IBE
-- TXFMR
-- OCLCO
-- EHH
-- TXNPS
-- DLC
050 00 - LIBRARY OF CONGRESS CALL NUMBER
Classification number PZ7.7.K76
Item number New 2016
082 04 - DEWEY DECIMAL CLASSIFICATION NUMBER
Classification number 741.5/973
Edition number 23
100 1# - MAIN ENTRY--PERSONAL NAME
Personal name Krosoczka, Jarrett
Relator term author
-- illustrator
245 12 - TITLE STATEMENT
Title A new class /
Statement of responsibility, etc. Jarrett J. Krosoczka
246 14 - VARYING FORM OF TITLE
Title proper/short title Star Wars Jedi Academy.
Number of part/section of a work [4],
Name of part/section of a work A new class
250 ## - EDITION STATEMENT
Edition statement First printing 2016
260 ## - PUBLICATION, DISTRIBUTION, ETC.
Place of publication, distribution, etc. New York :
Name of publisher, distributor, etc. Scholastic,
Date of publication, distribution, etc. 2016
300 ## - PHYSICAL DESCRIPTION
Extent 175 pages :
Other physical details illustrations
Dimensions 22 cm
490 0# - SERIES STATEMENT
Series statement Jedi Academy
500 ## - GENERAL NOTE
General note Graphic novel.
505 ## - FORMATTED CONTENTS NOTE
Formatted contents note K
520 ## - SUMMARY, ETC.
Summary, etc. Excitedly embarking on his course of training at the Jedi Academy in spite of his older sister's jealousy, Victor Starspeeder struggles with Master Yoda's assignments, which include a requirement to join the drama club to channel his high energy.
521 ## - TARGET AUDIENCE NOTE
Target audience note 570
Source Lexile
521 ## - TARGET AUDIENCE NOTE
Target audience note K
Source Raz-Plus
650 #0 - SUBJECT ADDED ENTRY--TOPICAL TERM
Topical term or geographic name entry element Science fiction
Form subdivision Juvenile fiction.
650 #0 - SUBJECT ADDED ENTRY--TOPICAL TERM
Topical term or geographic name entry element Middle schools
Form subdivision Juvenile fiction.
650 #0 - SUBJECT ADDED ENTRY--TOPICAL TERM
Topical term or geographic name entry element Schools
Form subdivision Juvenile fiction.
650 #0 - SUBJECT ADDED ENTRY--TOPICAL TERM
Topical term or geographic name entry element Life on other planets
Form subdivision Juvenile fiction.
650 #0 - SUBJECT ADDED ENTRY--TOPICAL TERM
Topical term or geographic name entry element Middle schools
Form subdivision Comic books, strips, etc.
650 #0 - SUBJECT ADDED ENTRY--TOPICAL TERM
Topical term or geographic name entry element Schools
Form subdivision Comic books, strips, etc.
650 #0 - SUBJECT ADDED ENTRY--TOPICAL TERM
Topical term or geographic name entry element Life on other planets
Form subdivision Comic books, strips, etc.
650 #1 - SUBJECT ADDED ENTRY--TOPICAL TERM
Topical term or geographic name entry element Science fiction.
650 #1 - SUBJECT ADDED ENTRY--TOPICAL TERM
Topical term or geographic name entry element Middle schools
Form subdivision Fiction.
650 #1 - SUBJECT ADDED ENTRY--TOPICAL TERM
Topical term or geographic name entry element Schools
Form subdivision Fiction.
650 #1 - SUBJECT ADDED ENTRY--TOPICAL TERM
Topical term or geographic name entry element Life on other planets
Form subdivision Fiction.
650 #1 - SUBJECT ADDED ENTRY--TOPICAL TERM
Topical term or geographic name entry element Graphic novels.
650 #4 - SUBJECT ADDED ENTRY--TOPICAL TERM
Topical term or geographic name entry element Science Fiction.
650 #7 - SUBJECT ADDED ENTRY--TOPICAL TERM
Topical term or geographic name entry element Life on other planets
Form subdivision Juvenile fiction.
650 #7 - SUBJECT ADDED ENTRY--TOPICAL TERM
Topical term or geographic name entry element Schools
General subdivision Juvenile fiction.
650 #7 - SUBJECT ADDED ENTRY--TOPICAL TERM
Topical term or geographic name entry element Science fiction
Form subdivision Juvenile fiction.
650 #7 - SUBJECT ADDED ENTRY--TOPICAL TERM
Topical term or geographic name entry element JUVENILE FICTION / Action & Adventure.
Source of heading or term bisacsh
650 #7 - SUBJECT ADDED ENTRY--TOPICAL TERM
Topical term or geographic name entry element JUVENILE FICTION / Comics & Graphic Novels.
Source of heading or term bisacsh
650 #7 - SUBJECT ADDED ENTRY--TOPICAL TERM
Topical term or geographic name entry element JUVENILE FICTION / Media Tie-In.
Source of heading or term bisacsh
650 #7 - SUBJECT ADDED ENTRY--TOPICAL TERM
Topical term or geographic name entry element Middle schools
Form subdivision Fiction.
Source of heading or term sears
650 #7 - SUBJECT ADDED ENTRY--TOPICAL TERM
Topical term or geographic name entry element Life on other planets
Form subdivision Fiction.
Source of heading or term sears
655 #7 - INDEX TERM--GENRE/FORM
Genre/form data or focus term Star wars fiction.
Source of term lcsh
655 #7 - INDEX TERM--GENRE/FORM
Genre/form data or focus term Graphic novels.
Source of term lcsh
655 #7 - INDEX TERM--GENRE/FORM
Genre/form data or focus term Graphic novels, Juvenile.
Source of term gsafd
655 #7 - INDEX TERM--GENRE/FORM
Genre/form data or focus term Graphic novels.
Source of term lcgft
655 #7 - INDEX TERM--GENRE/FORM
Genre/form data or focus term Science fiction comics.
Source of term lcgft
655 #7 - INDEX TERM--GENRE/FORM
Genre/form data or focus term Graphic novels
Form subdivision Juvenile.
Source of term local
655 #7 - INDEX TERM--GENRE/FORM
Genre/form data or focus term Science fiction graphic novels.
Source of term sears
655 #7 - INDEX TERM--GENRE/FORM
Genre/form data or focus term School stories.
Source of term sears
655 #7 - INDEX TERM--GENRE/FORM
Genre/form data or focus term Graphic novels.
Source of term sears
906 ## - LOCAL DATA ELEMENT F, LDF (RLIN)
a 7
b cbc
c copycat
d 2
e ncip
f 20
g y-gencatlg
942 ## - ADDED ENTRY ELEMENTS (KOHA)
Source of classification or shelving scheme Dewey Decimal Classification
Koha item type Books
Suppress in OPAC No
999 ## -
-- 2355
-- 2355
Holdings
Withdrawn status Lost status Source of classification or shelving scheme Damaged status Not for loan Collection Home library Current library Shelving location Date acquired Total Checkouts Full call number Barcode Date last seen Price effective from Koha item type
    Dewey Decimal Classification     Juvenile Fiction Footprints International School Library Network Toul Kork Campus Footprints International School Library Network Toul Kork Campus TK Primary Library Room(4th Floor), Bookcase 3&4, Shelves 17-32, Yellow Books 11/20/2023   KRO 741.5/973 PZ7.7.K76 FISTK05364 11/20/2023 11/20/2023 Books